UBT Library

Strategic management theory : (Record no. 44985)

000 -LEADER
fixed length control field 00783cam a22002414a 4500
001 - CONTROL NUMBER
control field 15854892
005 - DATE AND TIME OF LATEST TRANSACTION
control field 20180314054240.0
008 - FIXED-LENGTH DATA ELEMENTS--GENERAL INFORMATION
fixed length control field 090805s2010 ohua b 001 0 eng
010 ## - LIBRARY OF CONGRESS CONTROL NUMBER
LC control number 2009934265
020 ## - INTERNATIONAL STANDARD BOOK NUMBER
International Standard Book Number 9780538751070 (pbk.)
040 ## - CATALOGING SOURCE
Original cataloging agency DLC
Transcribing agency DLC
041 ## - LANGUAGE CODE
Language code of text/sound track or separate title eng
080 ## - UNIVERSAL DECIMAL CLASSIFICATION NUMBER
Universal Decimal Classification number 338 HIL
082 ## - DEWEY DECIMAL CLASSIFICATION NUMBER
Classification number 338 HIL
100 1# - Rafti
Rafti 54
101 ## - Shkurtesa
Shkurtesa MEN
245 10 - TITLE STATEMENT
Title Strategic management theory :
Statement of responsibility, etc Charles W.L. Hill, Gareth R. Jones.
246 14 - VARYING FORM OF TITLE
Title proper/short title Strategic management : an integrated approach : theory
504 ## - BIBLIOGRAPHY, ETC. NOTE
Bibliography, etc Includes bibliographical references and index.
906 ## - LOCAL DATA ELEMENT F, LDF (RLIN)
a 7
b cbc
c orignew
d 3
e epcn
f 20
g y-gencatlg
942 ## - ADDED ENTRY ELEMENTS (KOHA)
Source of classification or shelving scheme
Item type Books
Holdings
Withdrawn status Lost status Source of classification or shelving scheme Damaged status Not for loan Collection code Permanent location Current location Shelving location Date acquired Total Checkouts Full call number Barcode Date last seen Price effective from Koha item type
          Koleksioni i përgjithshem UBT - Lipjan UBT - Lipjan Koleksioni i përgjithshem 03/14/2018   338 HIL 002-3001733 03/14/2018 03/14/2018 Books
UBT Library © 2015-2024. All rights reserved University Education for Business and Technology